الطلبة والسياسة في مصر / (Record no. 7865)
[ view plain ]
| 000 -الفاتح | |
|---|---|
| حقل البيانات ثابتة الطول | 00749nac a22001811u 4500 |
| 008 - عناصر البيانات ثابتة الطول - معلومات عامة | |
| حقل البيانات ثابتة الطول | 101108s1991 xxu||||| |||| 00| 0 ara d |
| 082 ## - رقم تصنيف ديوى العشرى | |
| رقم التصنيف | 378.1981 |
| رقم المادة | ا ل ل |
| 245 ## - بيان العنوان | |
| العنوان | الطلبة والسياسة في مصر / |
| بيان المسئوليه,etc | أحمد عبد الله ؛ ترجمة إكرام يوسف |
| 260 ## - PUBLICATION, DISTRIBUTION, ETC. (IMPRINT) | |
| مكان الناشر او الموزع | القاهرة : |
| اسم الناشر او الموزع | سينا للنشر ،1991 |
| تاريخ النشر أو التوزيع | 1991. |
| 300 ## - الوصف المادى | |
| التعداد | 294 ص : |
| تفاصيل ماديه اخرى للوعاء | ايض ؛ |
| أبعاد الوعاء | 24 سم. |
| 504 ## - تبصرة ببليوجرافية | |
| تبصرة ببليوجرافية,الخ | يشتمل على إرجاعات ببليوجرافية ص 283-294 |
| 511 ## - | |
| -- | Catalogued by: Sara |
| 650 ## - المدخل الاضافى بالموضوع-مصطلح موضوعى | |
| مصطلح موضوعي أو اسم جغرافي كعنصر مدخل | المظاهرات |
| 9 (RLIN) | 21494 |
| 650 ## - المدخل الاضافى بالموضوع-مصطلح موضوعى | |
| مصطلح موضوعي أو اسم جغرافي كعنصر مدخل | الطلبة |
| 9 (RLIN) | 21199 |
| التقسيم الفرعي العام | نشاط سياسي |
| 650 ## - المدخل الاضافى بالموضوع-مصطلح موضوعى | |
| مصطلح موضوعي أو اسم جغرافي كعنصر مدخل | الحركات الطلابية |
| 9 (RLIN) | 21068 |
| 700 ## - المدخل الاضافى - اسم شخصى | |
| الإسم الشخصى | يوسف ، إكرام |
| 9 (RLIN) | 21069 |
| الدور | ترجمة |
| 942 ## - عناصر المدخل الإضافي( كوها) | |
| Koha [default] item type | Book - Borrowing |
| سابقة رقم الطلب | 378.1981 ا ل ل |
| مصدر التصنيف او مخطط الترفيف | Dewey Decimal Classification |
| حالة التراجع | حالة الفقد | مصدر التصنيف او خطة الترفيف | حالة تلف | ليس للاعارة | مجموعات كوها | المكان الدائم | المكان الحالي | موقع الترفيف | تاريخ الاكتساب | Source of acquisition | رقم الاستدعاء | الباركود | Date last seen | التكلفة | نوع الوعاء |
|---|---|---|---|---|---|---|---|---|---|---|---|---|---|---|---|
| Dewey Decimal Classification | Central Library | Central Library | First floor | 08/02/2010 | 378.1981 ا ل ل | 000009668 | 15/07/2025 | 20.00 | Book - Borrowing |